000 00901cam a2200253 4500
001 ABS61566
008 000000n1999 000 0 eng u
035 _a(Sirsi) u102249
100 _aJenkins, F.
245 _aTurning over the issues
260 _c1999
490 _aEstates Gazette
_v(9945) 13 November 1999, 174-175(2)
520 _aA discussion of the problems which landlords can face when trying to recover the balance of rent following the assignment of a lease with a turnover rent. Explains that the problem can be avoided if the matter is addressed when the lease is drafted.
590 _aABS
650 _aTURNOVER RENTS
650 _aASSIGNMENT OF LEASES
650 _aRECOVERY
650 _aLANDLORD AND TENANT (COVENANTS) ACT 1995
650 _aRENT
650 _aCOMMERCIAL LEASES
690 _aPROPERTY-LANDLORD AND TENANT
700 _aCullen, S.
942 _n0
999 _c61282
_d61282